Introducción a la fitopatología

Uloženo v:
Podrobná bibliografie
Hlavní autor: González, Luís Carlos (Autor)
Médium: Kniha
Jazyk:španělština
Vydáno: San José IICA 1976
Edice:Libros y Materiales Educativos, 29
Témata:
Tagy: Přidat tag
Žádné tagy, Buďte první, kdo vytvoří štítek k tomuto záznamu!

MARC

LEADER 00000nam a2200000 a 4500
001 UCR0381
003 CL-VaPUC
008 971205e19760000CR |||||||||||||||||spa|d
082 0 4 |a 581.2  |b GON  |2 21 
100 |a González, Luís Carlos  |e author  |9 395964 
245 1 0 |a Introducción a la fitopatología 
300 |a 148 p 
942 |c BK 
945 |d 19971205 00:00:00  |a jquezada 
260 |a San José  |b IICA  |c 1976 
650 0 |a Fitopatología   |9 340456 
650 0 |a Patología vegetal  |9 325426 
650 0 |a Enfermedades de las plantas  |9 259687 
650 7 |a ENFERMEDADES FUNGOSAS  |2 CL-VaPUC  |9 340452 
650 0 |a Agentes nocivos   |9 340453 
650 0 |a Reproducción  |9 269783 
650 7 |a FUNGICIDAS  |2 CL-VaPUC  |9 264584 
650 0 |a Control de plagas  |9 327373 
583 |a last modification  |c 19971205 00:00:00  |k Rodrigo Vera 
490 0 |a Libros y Materiales Educativos, 29 
999 |c 263907  |d 263905